Scottish Football League Kit Manufacturers 2025/2026 - Statistics

General Stats
  • This quiz has been taken 19 times
  • The average score is 22 of 42
Answer Stats
Division Club Kit Manufacturer % Correct
Premiership Aberdeen Adidas
94%
Premiership Celtic Adidas
94%
Championship Queen's Park Adidas
94%
League One Cove Rangers Adidas
94%
League One Kelty Hearts Adidas
94%
League Two East Kilbride Adidas
94%
League Two Stranraer Adidas
94%
Premiership Rangers Umbro
88%
League One Inverness Puma
69%
League One Peterhead Puma
69%
League Two Clyde Puma
69%
League Two Edinburgh Puma
69%
Premiership Hibernian Joma
56%
Premiership Livingston Joma
56%
Championship Airdrieonians Joma
56%
Championship Greenock Morton Joma
56%
Championship Raith Rovers Joma
56%
League Two Elgin Joma
56%
League Two Stirling Joma
56%
Premiership Hearts Hummel
50%
Premiership Kilmarnock Hummel
50%
Premiership Dundee Macron
50%
Premiership Motherwell Macron
50%
Premiership St Mirren Macron
50%
Championship Arbroath Macron
50%
Championship Ross County Macron
50%
Championship St Johnstone Macron
50%
League One Queen of the South Macron
50%
League Two Dumbarton Macron
50%
League Two Spartans Macron
50%
Premiership Falkirk O'Neills
50%
Championship Ayr O'Neills
50%
Championship Partick Thistle O'Neills
50%
Premiership Dundee United Errea
25%
Championship Dunfermline Errea
25%
League One East Fife Errea
25%
League One Montrose Uhlsport
13%
League One Stenhousemuir Uhlsport
13%
League Two Annan EV2 Sportswear
6%
League One Alloa Pendle
6%
League Two Forfar Pendle
6%
League One Hamilton Kurt
0%
No matching quizzes found
Score Distribution
Percent of People with Each Score
Percentile by Number Answered
Your Score History
You have not taken this quiz